| 000 | 01274cam a2200325 a 4500 | ||
|---|---|---|---|
| 001 | 3090640 | ||
| 003 | NUST | ||
| 005 | 20210923112456.0 | ||
| 008 | 981016s1999 nyua b 001 0 eng | ||
| 010 | _a 98048667 | ||
| 020 | _a0070220719 | ||
| 038 | _akhadija | ||
| 040 |
_aDLC _cDLC _dDLC |
||
| 050 | 0 | 0 |
_aTN870.57 _b.F57 1999 |
| 082 | 0 | 0 |
_a553.2 _221 _bFIR |
| 100 | 1 |
_aFiroozabadi, Abbas. _934703 |
|
| 245 | 1 | 0 |
_aThermodynamics of Hydrocarbon Reservoirs _cAbbas Firoozabadi. |
| 260 |
_aNew York : _bMcGraw-Hill, _cc1999. |
||
| 300 |
_axxi, 355 p. : _bill. ; _c24 cm. |
||
| 504 | _aIncludes bibliographical references and index. | ||
| 563 | _ahardcover | ||
| 650 | 0 |
_aHydrocarbon reservoirs. _934704 |
|
| 650 | 0 |
_aThermodynamics. _97134 |
|
| 856 | 4 | 2 |
_3Contributor biographical information _uhttp://www.loc.gov/catdir/bios/mh041/98048667.html |
| 856 | 4 | 2 |
_3Publisher description _uhttp://www.loc.gov/catdir/description/mh023/98048667.html |
| 856 | 4 | 1 |
_3Table of contents _uhttp://www.loc.gov/catdir/toc/mh022/98048667.html |
| 906 |
_a7 _bcbc _corignew _d1 _eocip _f19 _gy-gencatlg |
||
| 942 |
_2ddc _cBK |
||
| 999 |
_c540595 _d540595 |
||